000 00539nam a2200169Ia 4500
003 IN-BaIIA
008 211028s9999 xx 000 0 eng d
040 _cIIA Library
080 _a53(047)PHY
100 _aStickland, A.C.
245 0 _aReports on progress in physics
_bvol. XXX, pt. II
_cA. C. Stickland
260 _aLondon
_bThe Institute of Physics and the Physical Society
_c1967
300 _a374-831p.
650 _aPhysics
_973
650 _aProgress
942 _cBK
999 _c3381
_d3381